000
00192 a2200109 4500
020
_a
9780399154270
041
_a
eng
100
_a
C.J.Bok
245
_a
Free Fire
942
_c
BK
952
_7
1
999
_c
19569
_d
19569